| 000 | nam a22 7a 4500 | ||
|---|---|---|---|
| 999 |
_c127718 _d127718 |
||
| 008 | 180320b xxu||||| |||| 00| 0 eng d | ||
| 050 |
_aPN6519.S35 _bL763 |
||
| 100 |
_aLions Club DA Beira _940978 |
||
| 245 |
_aLendas e proverbios dos asenas _cLions clube da Beira |
||
| 260 |
_aBeira _bLions clube da Beira _c1972 |
||
| 300 |
_a31p. ; _c21cm. |
||
| 500 | _aStencilled | ||
| 650 |
_aProverbs, Sena _940793 |
||
| 942 |
_2lcc _cMONOGRAPH |
||